LEADER 01627nas a2200301 i 4500 001 000000238545 003 CaOOAMICUS 005 20150203000000.0 008 150203b2003 gw uu u0 0ger r 013 $a217450 040 $aSeMil$bita 245 10$a2003 /$cSchriftleitung Harald Wagner. 260 $aMünster :$bAschendorff,$ccopyr. 2003. 300 $aXIV, 522, XIV col. ;$c30 cm. 700 1 $aWagner, Harald <1944-2016>.$0(OLS)http://semarc/name/16092 774 0 $tExegese und Theologie.$w()283730 774 0 $tListe der Habilitationen und Dissertationen im akademischen Jahr 2001-2002. - Titolo dalla prima pagina.$w()283731 774 0 $tNeuere Forschungen zur Modernismuskrise in der katholischen Kirche. - Titolo principale dalla prima pagina.$w()283732 774 0 $tökumenische Bewegung während des Kalten Krieges.$w()283733 774 0 $tMünsterischer Kommentar zum Codex Iuris Canonici. - Titolo principale dalla prima pagina.$w()283734 774 0 $tZur Konstitution Sacrosanctum Concilium des Zweiten Vatikanischen Konzils vom 4. Dexember 1963 ; Votum der Katholisch-Theologischen Fakultät Münster zur Vorbereitung des Zweiten Vatikanischen Konzils. - Titoli principali dalla prima pagina.$w()283735 774 0 $tKontrolle des Wissens.$w()283736 774 0 $t99. Jahrgang 2003 [Inhaltsverzeichnis].$w()283737 850 $aSeMil 852 $aSeMil$W1$xVenegono$y1$m201 6 20$j188891$B188891$CSeMilBibl$Z2$F199621 $85 961 $aAbbonamento: Aschendorff 996 $6245$a2003$9(OLS)http://semarc/title/142862 996 $6260$aMünster :$bAschendorff$9(OLS)http://semarc/publisher/29674 LEADER 01020nam a2200217 i 4500 001 000000060977 003 CaOOAMICUS 005 20140721000000.0 008 140721s1967 it u000 u ita u 013 $a32149 040 $aSeMil$bita 245 10$aDestino e attesa dell'uomo :$bAtti del 24. Corso di Studi Cristiani sul tema "Credo nella vita eterna. Amen". 260 $aAssisi :$bCittadella,$c1967. 300 $a164 p. ;$c26 cm. 650 4$aVita eterna.$0(OLS)http://semarc/subject/9125 700 1 $aCorso di Studi Cristiani <24. ; 1966 ; Assisi>.$0(OLS)http://semarc/name/30998 773 0 $tSimbolo.$dAssisi : Edizioni Pro Civitate Christiana, 1953-1967.$gVolume24$w()302 850 $aSeMil 852 $aSeMil$W1$xVenegono$y1$m2K V 154$j27130$B27130$CSeMilBibl$Z2$F27133 $81 996 $6245$aDestino e attesa dell'uomo :$bAtti del 24. Corso di Studi Cristiani sul tema "Credo nella vita eterna. Amen"$9(OLS)http://semarc/title/95695 996 $6260$aAssisi :$bCittadella$9(OLS)http://semarc/publisher/29661